000 00775nam a22002537a 4500
001 4981
003 FISKH
005 20241031081102.0
008 241030b cb ||||| |||| 00| 0 eng d
020 _a076714002753
040 _aFISKH
_beng
_cFISKH
_dFISKH
050 _aPZ7.K23
082 _a813.52
100 _aKeene, Carolyn
245 _aThe Twin Dilemma /
_cby Carolyn Keene
260 _aNew York :
_bSimon & Schuster ;
_c1981.
300 _a190 pages :
_billustrations ;
_c20 cm .
490 _aNancy Drew
_vBook 63
520 _aWhen a model disappears, Nancy takes her place in a benefit fashion show and helps to track down a dress thief.
650 _aFashion
_vFiction
700 _aFrame, Paul
_eillustrator
942 _2ddc
_cBK
_n0
999 _c4981
_d4981